Matemáticas : sexto grado /
Libro de texto de primaria para matemáticas en el que se incluyen cinco bloques de lecciones cuya resolución por parte de los alumnos favorece el uso de procedimientos informales y su evolución hacia el uso de los instrumentos matemáticos. El libro cuenta además con material recortable.
Guardado en:
| Autores corporativos: | , |
|---|---|
| Format: | Bog |
| Sprog: | spansk |
| Udgivet: |
México :
Secretaría de Educación Pública, Subsecretaría de Educación Básica y Normal : Comisión Nacional de Libros de Texto Gratuitos,
2004, c2001
|
| Udgivelse: | 2a edición |
| Fag: | |
| Tags: |
Ingen Tags, Vær først til at tagge denne postø!
|
MARC
| LEADER | 00000nam^a2200000^a^4500 | ||
|---|---|---|---|
| 001 | 000181602 | ||
| 005 | 20250521000000.0 | ||
| 009 | 20260310101939.254 | ||
| 020 | |a 970-18-6841-2 | ||
| 037 | |a Acervo ITESO - Biblioteca | ||
| 041 | |a ESP | ||
| 082 | |a 371. 32 |b TEX PRI-6 MAT | ||
| 110 | |a México. |b Secretaría de Educación Pública | ||
| 240 | 1 | 1 | |a [Primaria: libros de texto gratuito] |
| 245 | 1 | 0 | |a Matemáticas : |b sexto grado / |c SEP. |
| 250 | |a 2a edición | ||
| 264 | 4 | |a México : |b Secretaría de Educación Pública, Subsecretaría de Educación Básica y Normal : |b Comisión Nacional de Libros de Texto Gratuitos, |c 2004, c2001 | |
| 300 | |a 191, [17] p. | ||
| 336 | |a texto |b txt |2 rdacontenido | ||
| 337 | |a sin mediación |b n |2 rdamedio | ||
| 338 | |a volumen |b nc |2 rdasoporte | ||
| 520 | |a Libro de texto de primaria para matemáticas en el que se incluyen cinco bloques de lecciones cuya resolución por parte de los alumnos favorece el uso de procedimientos informales y su evolución hacia el uso de los instrumentos matemáticos. El libro cuenta además con material recortable. | ||
| 649 | |a XX | ||
| 650 | |a Matemáticas - |x Generalidades - |x Tema Principal | ||
| 650 | |a Libros de Texto Gratuitos - |z México - |x Tema Principal | ||
| 650 | |a Educación Primaria - |z México | ||
| 650 | |a Educación Pública - |z México | ||
| 710 | |a Comisión Nacional de Libros de Texto Gratuitos (México) | ||
| 910 | |a Fondo General | ||
| 920 | |a Impresos - Libros | ||
| 930 | |a Colección General | ||
| 905 | |a 101 | ||
| 901 | |a 0500121538 |b IT1 |c ACC |u 20250521 | ||
| 901 | |a 0500121535 |b IT1 |c ACC |u 20250521 | ||
| 902 | |a https://opac.biblio.iteso.mx/vufind/Record/000181602 | ||